The Rainbow (Record no. 298929)

000 -LEADER
fixed length control field 00324 a2200145 4500
001 - CONTROL NUMBER
control field 63856
020 ## - INTERNATIONAL STANDARD BOOK NUMBER
International Standard Book Number 9788126139798
082 ## - DEWEY DECIMAL CLASSIFICATION NUMBER
Classification number 823.91 LAW
090 ## - LOCALLY ASSIGNED LC-TYPE CALL NUMBER (OCLC); LOCAL CALL NUMBER (RLIN)
-- 37778
-- 37778
100 ## - MAIN ENTRY--PERSONAL NAME
Personal name Lawrence .D.H
245 ## - TITLE STATEMENT
Title The Rainbow
260 ## - PUBLICATION, DISTRIBUTION, ETC.
Place of publication, distribution, etc. New Delhi
Name of publisher, distributor, etc. Anmol Publications
300 ## - PHYSICAL DESCRIPTION
Extent 295 P
600 ## - SUBJECT ADDED ENTRY--PERSONAL NAME
Personal name Aditya Nandwani
942 ## - ADDED ENTRY ELEMENTS (KOHA)
Institution code [OBSOLETE] caenust
Call number prefix 823.91 LAW
Holdings
Withdrawn status Lost status Damaged status Not for loan Collection code Permanent Location Current Location Date acquired Total Checkouts Full call number Barcode Date last seen Price effective from Koha item type
          College of Aeronautical Engineering (CAE) College of Aeronautical Engineering (CAE) 04/03/2017   823.91 LAW CAE82089 04/05/2017 04/05/2017 Book
© 2023 Central Library, National University of Sciences and Technology. All Rights Reserved.